| 000 | 01100nam a22003497a 4500 | ||
|---|---|---|---|
| 003 | CHAP | ||
| 005 | 20220329143315.0 | ||
| 008 | 080422d2005 es r 00110 spa d | ||
| 010 | _a94730 | ||
| 011 | _a95702 | ||
| 020 | _a8429143X | ||
| 035 | _a106331 | ||
| 040 | _cCHAP | ||
| 082 | 0 | 4 |
_a537 _bP8 2005 |
| 100 | 1 |
_aPurcell, Edward M. _993037 |
|
| 245 | 1 | 0 |
_aElectricidad y magnetismo _c/por Edward M. Purcell |
| 250 | _a2 ed. | ||
| 260 |
_aBarcelona : _bReverté, _c2005 |
||
| 300 |
_axv, 472 p. : _bilus. ; gráfs. |
||
| 490 | 0 |
_aBerkeley physics course. _v; 2 |
|
| 590 |
_aBATCH-UPD _b10 _c20130110 _lUCH01 _h0443 |
||
| 590 |
_aBATCH-UPD _b10 _c20130410 _lUCH01 _h0119 |
||
| 590 |
_aBATCH-UPD _b10 _c20130914 _lUCH01 _h0607 |
||
| 590 |
_aCONVERSION _b10 _c20130109 _lUCH01 _h1352 |
||
| 650 | 1 | 4 |
_aElectricidad. _936215 |
| 650 | 1 | 4 |
_aFísica _xProblemas, ejercicios, etc. _941991 |
| 650 | 1 | 4 |
_aMagnetismo. _969857 |
| 830 | 0 |
_aBerkeley physics course. _v; 2 _911811 |
|
| 901 | _aBK | ||
| 942 | _cLIBRO | ||
| 949 |
_a537 P8 2005 _bBC _cLIBRO _d33724002046850 _eLIBRO _gI.c/e. _h109459 _i106331 _si _t$741.00 |
||
| 999 |
_c94730 _d94730 |
||